Anästhesie in der Geburtshilfe /

Uložené v:
Podrobná bibliografia
Hlavní autori: Shnider, Sol M. (Author), Levinson, Gershon (Author)
Médium: Kniha
Jazyk:English
German
Vydané: Stuttgart New York : Gustav Fischer Verlag, 1984.
Vydanie:1. Aufl.
ISBN: (viaz.)
Fyzický popis: 510 s.
Tagy: Pridať tag
Žiadne tagy, Buďte prvý kto otaguje tento záznam!

MARC

LEADER 00000nam a22000004a 4500
001 000410091
005 20121113214730.0
008 121113s1984 xxu e 000 0 eng d
020 |a (viaz.)  |c Kčs 1758,00 
040 |a SVKKK  |b slo  |c SVKKK  |e AACR2 
041 0 |a ger 
044 |a gw  |c DE  |a xxu  |c US 
100 1 |a Shnider, Sol M.  |4 aut 
245 1 0 |a Anästhesie in der Geburtshilfe /  |c Sol M. Shnider, Gershon Levinson. 
250 |a 1. Aufl. 
260 |a Stuttgart  |a New York :  |b Gustav Fischer Verlag,  |c 1984. 
300 |a 510 s. 
700 1 |a Levinson, Gershon  |4 aut 
910 |a svkkk 
998 |a BK 
090 |g SCKHL  |k Sklad Pribinova prízemie  |a IV.126850  |j 706026  |i B272317  |s Absenčne 
090 |g SCKHL  |k Sklad Pribinova 1. posch.  |a IV.127447  |j 711332  |i 410091-20  |s Absenčne